000 00539nam a2200169 4500
008 171212b xxu||||| |||| 00| 0 eng d
020 _a9780070116191
082 _21997
_aDC 808.02
_bC62
100 _925021
_aClouse, Barbara Fine, author.
245 _aWorking it out :
_b a troubleshooting guide for writers /
_cBarbara Fine Clouse.
250 _aSecond edition.
260 _aNew York :
_bMcGraw-Hill,
_c©1997.
300 _axxii, 162 pages ;
_c23 cm.
500 _aIncludes index.
650 0 _925023
_aAuthorship
942 _2ddc
_cDC
999 _c8090
_d8090